LIBRARY & INFORMATION CENTRE, KCAET, TAVANUR

ONLINE PUBLIC ACCESS CATALOGUE (OPAC)

Governments and politics of south east Asia / (Record no. 2341)

MARC details
000 -LEADER
fixed length control field 00428cam a2200157ua 4500
041 ## - LANGUAGE CODE
Language code of text/sound track or separate title eng
082 ## - DEWEY DECIMAL CLASSIFICATION NUMBER
Classification number 320.2
Item number KAH/GO
100 ## - MAIN ENTRY--AUTHOR NAME
Personal name Kahin, George Mcturnan .
245 00 - TITLE STATEMENT
Title Governments and politics of south east Asia /
250 ## - EDITION STATEMENT
Edition statement 2 /
260 ## - PUBLICATION, DISTRIBUTION, ETC. (IMPRINT)
Place of publication Newyork :
Name of publisher Cornell university press ,
Year of publication 1964.
300 ## - PHYSICAL DESCRIPTION
Number of Pages 796 ; .
942 ## - ADDED ENTRY ELEMENTS (KOHA)
Koha item type Books
Holdings
Withdrawn status Lost status Damaged status Home library Current library Date acquired Cost, normal purchase price Full call number Accession Number Koha item type Public note
Withdrawn     KAUAET Sanskrit University 07/04/2012 92.00 320.2 6595 Books Transferred to Sanskrit University
free website counter